000 00551nam a2200193Ia 4500
008 240729s9999 xx 000 0 und d
022 _a2832-4765
245 0 _aCogent Mental Health
260 _aUnited Kingdom
260 _bTaylor & Francis Group
650 _a Internal medicine
650 _a Mental healing | Medicine
650 _a Other systems of medicine
650 _a Special situations and conditions
650 _aMedicine
856 _uhttps://doaj.org/toc/2fa85cd69d9f4df195d229478ddd5c09
942 _2ddc
942 _cDOAJEJ
999 _c67162
_d67162
945 _a1
_bMadushi Gamage
_c1
_dMadushi Gamage